Financial Accounting . (Record no. 7570)
[ view plain ]
| 000 -LEADER | |
|---|---|
| fixed length control field | 00715nam a22002297a 4500 |
| 003 - CONTROL NUMBER IDENTIFIER | |
| control field | OSt |
| 005 - DATE AND TIME OF LATEST TRANSACTION | |
| control field | 20211206121858.0 |
| 008 - FIXED-LENGTH DATA ELEMENTS--GENERAL INFORMATION | |
| fixed length control field | 211206b ||||| |||| 00| 0 eng d |
| 020 ## - INTERNATIONAL STANDARD BOOK NUMBER | |
| International Standard Book Number | 9781259254123 |
| 040 ## - CATALOGING SOURCE | |
| Transcribing agency | DDC |
| 082 ## - DEWEY DECIMAL CLASSIFICATION NUMBER | |
| Classification number | 657 LIB 2017 |
| 100 ## - MAIN ENTRY--PERSONAL NAME | |
| Personal name | Libby, Robert; Patricia A. Libby; Frank ,Hodge |
| 9 (RLIN) | 15489 |
| 245 ## - TITLE STATEMENT | |
| Title | Financial Accounting . |
| 250 ## - EDITION STATEMENT | |
| Edition statement | 9th ed |
| 260 ## - PUBLICATION, DISTRIBUTION, ETC. (IMPRINT) | |
| Place of publication, distribution, etc. | Boston : |
| Name of publisher, distributor, etc. | McGraw-Hill/Irwin; |
| Date of publication, distribution, etc. | c2017, |
| 300 ## - PHYSICAL DESCRIPTION | |
| Extent | xxix, 752 pages : |
| Other physical details | illustrations (some color) ; |
| Dimensions | 29 cm |
| 504 ## - BIBLIOGRAPHY, ETC. NOTE | |
| Bibliography, etc | Includes bibliographical references and indexes. |
| 650 ## - SUBJECT ADDED ENTRY--TOPICAL TERM | |
| Topical term or geographic name as entry element | Accounting. |
| 9 (RLIN) | 1379 |
| 650 ## - SUBJECT ADDED ENTRY--TOPICAL TERM | |
| Topical term or geographic name as entry element | Corporations -- Accounting. |
| 9 (RLIN) | 15490 |
| 650 ## - SUBJECT ADDED ENTRY--TOPICAL TERM | |
| Topical term or geographic name as entry element | Financial statements. |
| 9 (RLIN) | 3022 |
| 942 ## - ADDED ENTRY ELEMENTS (KOHA) | |
| Source of classification or shelving scheme | Dewey Decimal Classification |
| Koha item type | Book |
| Withdrawn status | Lost status | Source of classification or shelving scheme | Damaged status | Not for loan | Home library | Current library | Date acquired | Source of acquisition | Inventory number | Total Checkouts | Full call number | Barcode | Date last seen | Price effective from | Koha item type |
|---|---|---|---|---|---|---|---|---|---|---|---|---|---|---|---|
| Dewey Decimal Classification | Faculty of Management Science Library | Faculty of Management Science Library | 06/12/2021 | Purchase | 17/40158 | 657 LIB 2017 | 2021-2047 | 06/12/2021 | 06/12/2021 | Book | |||||
| Dewey Decimal Classification | Faculty of Management Science Library | Faculty of Management Science Library | 06/12/2021 | Purchase | 17/40156 | 657 LIB 2017 | 2021-2048 | 06/12/2021 | 06/12/2021 | Book | |||||
| Dewey Decimal Classification | Faculty of Management Science Library | Faculty of Management Science Library | 06/12/2021 | Purchase | 17/40157 | 657 LIB 2017 | 2021-2049 | 06/12/2021 | 06/12/2021 | Book |
